Nền kinh tế tri thức (Nhận thức và hành động) : Kinh nghiệm của các nước phát triển và đang phát triển

Sparad:
Bibliografiska uppgifter
Materialtyp: Bok
Språk:Vietnamese
Publicerad: Thống kê 2000
Taggar: Lägg till en tagg
Inga taggar, Lägg till första taggen!
Thư viện lưu trữ: Mạng thư viện Đại học Đà Nẵng
LEADER 00670nam a2200241 4500
001 000020316
003 16761
005 20150316080325.0
008 150316s2000 viesd
020 |c 35500 
041 0 |a vie 
082 1 4 |a 330.921  |b Nê-K 
245 1 0 |a Nền kinh tế tri thức (Nhận thức và hành động) : Kinh nghiệm của các nước phát triển và đang phát triển 
260 |b Thống kê  |c 2000 
300 |a tr.  |c cm. 
OWN |a LSP 
999 |a From the UDN01 
TYP |a Monograph 
TYP |a Printed language 
980 |a Mạng thư viện Đại học Đà Nẵng